000 00366 a2200121 4500
001 ART_12184
005 20260410161904.0
008 260409a
245 1 0 _aAlternative formulations of the Nervole-Press models
100 1 _aMaddala, G.S.
700 1 _aTrost, R.P.
773 0 _tJournal of econometrics
_g- Vol. 16, NÂș 1 (may. 1981)
_wREV11720
999 _c26168
_d26168